000 00546nam a2200193 4500
001 VA22595
003 ES-SlBCS
005 20210601154756.0
008 140520s1971 xxu||||| |||| 00| 0 spa d
041 _aspa
100 1 _aYnduráin, Domingo
_95404
245 1 0 _aAnálisis formal de la poesía de Espronceda
_cDomingo Yndurain; Rafael Lapesa
260 _aMadrid :
_bTaurus
_c, 1971
300 _a640 p.;
_c21 cm
490 0 _aTaurus
_v43
650 _aEspronceda-Análisis Literario
_9373612
700 1 0 _aLapesa, Rafael
_935331
942 _cBK
999 _c809384
_d809384